| 000 | 00369nam a22000977a 4500 | ||
|---|---|---|---|
| 008 | 150721b xxu||||| |||| 00| 0 eng d | ||
| 010 | _8HCCRSARF: 032 | ||
| 245 | _aHIGH COURT CRIMINAL SESSION No.89 of 1975 Uganda Vs 1. Fredrick Muzinya 2.James Tibesigwa 3.Eriya Senyabuhengere 4.James Kadoma | ||
| 260 | _aHigh Court Kampala | ||
| 500 | _3Before: Hon. Mr. Justice F.K.Butagira | ||
| 999 |
_c7983 _d7983 |
||